| 000 | 011140000a22002410004500 | ||
|---|---|---|---|
| 020 | _a84-7057-516-3 | ||
| 041 | 0 | _aspa | |
| 082 | 0 | 4 | _aG 170 H6421m |
| 100 | 1 | _aHildebrand, Dietrich von 1889-1977 | |
| 245 | 1 | 0 | _aMoralidad y conocimiento ético de los valores : una investigación sobre problemas éticos estructurales / Dietrich von Hildebrand ; traducido por Juan Miguel Palacios |
| 260 | _aMadrid : Cristiandad | ||
| 300 | _a217 p., 21 cm | ||
| 440 | 0 | _aCol. Pensamiento y teología | |
| 500 | _aTítulo original en German: Sitilichkeit und ethische werterkenntnis | ||
| 501 | _arústico | ||
| 505 | 0 | 0 | _aintroducción al problema -- La ceguera al valor en sus diversas formas fundamentales -- Las diversas clases de profundidad en la persona y la esencia de la actitud fundamental -- Los diferentes centros morales -- La relación entre el ser moral y el captar valores |
| 650 | 1 | 4 | _aETICA \ VALORES (FILOSOFIA) \ RELIGION Y MORAL \ TEOLOGIA MORAL |
| 001 | 18006 | ||
| 942 | _cBK | ||
| 999 |
_c44499 _d44499 |
||
| 336 |
_atexto _btxt _2rdacontent |
||
| 337 |
_2rdamedia _asin mediación _bn |
||
| 338 |
_2rdacarrier _avolumen _bnc |
||